Criminal procedure and practice in Uganda / (Record no. 11398)
[ view plain ]
| 000 -LEADER | |
|---|---|
| fixed length control field | 02055cam a22004452 4500 |
| 001 - CONTROL NUMBER | |
| control field | 0000020868 |
| 005 - DATE AND TIME OF LATEST TRANSACTION | |
| control field | 20151217154446.0 |
| 008 - FIXED-LENGTH DATA ELEMENTS--GENERAL INFORMATION | |
| fixed length control field | 111025s xx 000 0 eng d |
| 020 ## - INTERNATIONAL STANDARD BOOK NUMBER | |
| International Standard Book Number | 9966744843 |
| 040 ## - CATALOGING SOURCE | |
| Original cataloging agency | KABU |
| Transcribing agency | KABU |
| 100 1# - MAIN ENTRY--PERSONAL NAME | |
| Personal name | Ssekaana Musa. |
| -- | 0000181502 |
| 245 10 - TITLE STATEMENT | |
| Title | Criminal procedure and practice in Uganda / |
| Statement of responsibility, etc. | Ssekaana Musa. |
| 250 ## - EDITION STATEMENT | |
| Edition statement | New ed. |
| 260 ## - PUBLICATION, DISTRIBUTION, ETC. (IMPRINT) | |
| Place of publication, distribution, etc. | Nairobi : |
| Name of publisher, distributor, etc. | LawAfrica, |
| Date of publication, distribution, etc. | 2010. |
| 300 ## - PHYSICAL DESCRIPTION | |
| Extent | xlvii, 446 p. |
| 650 #0 - SUBJECT ADDED ENTRY--TOPICAL TERM | |
| Topical term or geographic name as entry element | Criminal procedure |
| Geographic subdivision | Uganda. |
| -- | 0000181467 |
| 852 1# - LOCATION | |
| -- | p2600 KES |
| 852 1# - LOCATION | |
| -- | p2600 KES |
| 852 1# - LOCATION | |
| -- | p2600 KES |
| 852 1# - LOCATION | |
| -- | p2600 KES |
| 852 1# - LOCATION | |
| -- | p2600 KES |
| 852 1# - LOCATION | |
| -- | p2600 KES |
| 852 1# - LOCATION | |
| -- | p2600 KES |
| 852 1# - LOCATION | |
| -- | p2600 KES |
| 852 1# - LOCATION | |
| -- | p2600 KES |
| 852 1# - LOCATION | |
| -- | p2600 KES |
| 852 1# - LOCATION | |
| -- | p2600 KES |
| 852 1# - LOCATION | |
| -- | p2600 KES |
| 852 1# - LOCATION | |
| -- | p2600 KES |
| 852 1# - LOCATION | |
| -- | p2600 KES |
| 852 1# - LOCATION | |
| -- | p2600 KES |
| 852 1# - LOCATION | |
| -- | p2600 KES |
| 852 1# - LOCATION | |
| -- | p2600 KES |
| 852 1# - LOCATION | |
| -- | p2600 KES |
| 852 1# - LOCATION | |
| -- | p2600 KES |
| 852 1# - LOCATION | |
| -- | p2600 KES |
| 852 1# - LOCATION | |
| -- | p2600 KES |
| 908 ## - PUT COMMAND PARAMETER (RLIN) | |
| Put command parameter | 111025 |
| 950 ## - LOCAL HOLDINGS (RLIN) | |
| -- | 1 |
| Withdrawn status | Lost status | Source of classification or shelving scheme | Not for loan | Home library | Current library | Date acquired | Total Checkouts | Full call number | Barcode | Date last seen | Price effective from | Koha item type | Total Renewals | Date last checked out |
|---|---|---|---|---|---|---|---|---|---|---|---|---|---|---|
| Library of Congress Classification | Kabarak, Main Campus | Kabarak, Main Campus | 17/12/2015 | KTW460 .S64 2010 c. 2 | 19620 | 17/12/2015 | 17/12/2015 | General Collection | ||||||
| Library of Congress Classification | Kabarak, Main Campus | Kabarak, Main Campus | 17/12/2015 | KTW460 .S64 2010 c. 3 | 018217 | 17/12/2015 | 17/12/2015 | General Collection | ||||||
| Library of Congress Classification | Kabarak, Main Campus | Kabarak, Main Campus | 17/12/2015 | KTW460 .S64 2010 c. 4 | 018230 | 17/12/2015 | 17/12/2015 | General Collection | ||||||
| Library of Congress Classification | Kabarak, Main Campus | Kabarak, Main Campus | 17/12/2015 | KTW460 .S64 2010 c. 5 | 018216 | 17/12/2015 | 17/12/2015 | General Collection | ||||||
| Library of Congress Classification | Kabarak, Main Campus | Kabarak, Main Campus | 17/12/2015 | KTW460 .S64 2010 c. 6 | 018214 | 17/12/2015 | 17/12/2015 | General Collection | ||||||
| Library of Congress Classification | Kabarak, Main Campus | Kabarak, Main Campus | 17/12/2015 | KTW460 .S64 2010 c. 7 | 018213 | 17/12/2015 | 17/12/2015 | General Collection | ||||||
| Library of Congress Classification | Kabarak, Main Campus | Kabarak, Main Campus | 17/12/2015 | KTW460 .S64 2010 c. 8 | 018233 | 17/12/2015 | 17/12/2015 | General Collection | ||||||
| Library of Congress Classification | Kabarak, Main Campus | Kabarak, Main Campus | 17/12/2015 | KTW460 .S64 2010 c. 9 | 018232 | 17/12/2015 | 17/12/2015 | General Collection | ||||||
| Library of Congress Classification | Kabarak, Main Campus | Kabarak, Main Campus | 17/12/2015 | KTW460 .S64 2010 c. 10 | 018219 | 17/12/2015 | 17/12/2015 | General Collection | ||||||
| Library of Congress Classification | Kabarak, Main Campus | Kabarak, Main Campus | 17/12/2015 | KTW460 .S64 2010 c. 11 | 018220 | 17/12/2015 | 17/12/2015 | General Collection | ||||||
| Library of Congress Classification | Kabarak, Main Campus | Kabarak, Main Campus | 17/12/2015 | KTW460 .S64 2010 c. 12 | 018231 | 17/12/2015 | 17/12/2015 | General Collection | ||||||
| Library of Congress Classification | Kabarak, Main Campus | Kabarak, Main Campus | 17/12/2015 | KTW460 .S64 2010 c. 13 | 018224 | 17/12/2015 | 17/12/2015 | General Collection | ||||||
| Library of Congress Classification | Kabarak, Main Campus | Kabarak, Main Campus | 17/12/2015 | KTW460 .S64 2010 c. 14 | 018223 | 17/12/2015 | 17/12/2015 | General Collection | ||||||
| Library of Congress Classification | Kabarak, Main Campus | Kabarak, Main Campus | 17/12/2015 | KTW460 .S64 2010 c. 15 | 018222 | 17/12/2015 | 17/12/2015 | General Collection | ||||||
| Library of Congress Classification | Kabarak, Main Campus | Kabarak, Main Campus | 17/12/2015 | KTW460 .S64 2010 c. 16 | 018228 | 17/12/2015 | 17/12/2015 | General Collection | ||||||
| Library of Congress Classification | Kabarak, Main Campus | Kabarak, Main Campus | 17/12/2015 | KTW460 .S64 2010 c. 17 | 018227 | 17/12/2015 | 17/12/2015 | General Collection | ||||||
| Library of Congress Classification | Kabarak, Main Campus | Kabarak, Main Campus | 17/12/2015 | KTW460 .S64 2010 c. 18 | 018226 | 17/12/2015 | 17/12/2015 | General Collection | ||||||
| Library of Congress Classification | Kabarak, Main Campus | Kabarak, Main Campus | 17/12/2015 | 1 | KTW460 .S64 2010 c. 19 | 018225 | 25/10/2019 | 17/12/2015 | General Collection | 1 | 27/09/2019 | |||
| Library of Congress Classification | Kabarak, Main Campus | Kabarak, Main Campus | 17/12/2015 | KTW460 .S64 2010 c. 20 | 018221 | 17/12/2015 | 17/12/2015 | General Collection | ||||||
| Library of Congress Classification | Kabarak, Main Campus | Kabarak, Main Campus | 17/12/2015 | KTW460 .S64 2010 c. 21 | 018218 | 17/12/2015 | 17/12/2015 | General Collection | ||||||
| Library of Congress Classification | Kabarak, Main Campus | Kabarak, Main Campus | 17/12/2015 | KTW460 .S64 2010 c. 22 | 018229 | 17/12/2015 | 17/12/2015 | General Collection | ||||||
| Library of Congress Classification | Kabarak, Main Campus | Kabarak, Main Campus | 17/12/2015 | KTW460 .S64 2010 c. 1 | 19622 | 17/12/2015 | 17/12/2015 | Africana Collection |